| 000 | 00363nam a2200157Ia 4500 | ||
|---|---|---|---|
| 003 | GCL | ||
| 008 | 140319s9999 xx 000 0 eng d | ||
| 040 |
_aGCL / _cGCL |
||
| 082 | 0 | 4 |
_aCH _b843.02 _bM C |
| 100 | 1 | _aMELODIA | |
| 245 | 1 | 0 |
_aPINOCCHIO / _cMELODIA |
| 260 |
_a[S.N] : _bMELODIA |
||
| 650 | 0 | 4 | _aSTORIES |
| 650 | 0 | 4 | _aCHILDREN - STORIES |
| 942 |
_2ddc _cBK |
||
| 999 |
_c23728 _d23728 |
||